Statistiken für Unwort des Jahres

Klicken Sie hier um das Quiz zu spielen!

Allgemein

  • Dieses Quiz wurde 22 mal gespielt
    (9 seit der letzten Aktualisierung)
  • Das Durchschnittsergebnis liegt bei 8 aus 32

Antwortstatistiken

JahrAntwort% Korrekt
2002Ich-AG
50%
2014Lügenpresse
50%
1991ausländerfrei
38%
2020Corona-Diktatur
38%
2011Döner-Morde
38%
2015Gutmensch
38%
2000national befreite Zone
38%
2012Opfer-Abo
38%
2010alternativlos
25%
2009betriebsratverseucht
25%
1995Diätenanpassung
25%
2001Gotteskrieger
25%
1999Kollateralschaden
25%
2008notleidende Banken
25%
1994Peanuts
25%
2013Sozialtourismus
25%
1993Überfremdung
25%
2016Volksverräter
25%
2017alternative Fakten
13%
2018Anti-Abschiebe-Industrie
13%
2005Enlassungsproduktivität
13%
1992ethnische Säuberung
13%
2006freiwillige Ausreise
13%
2007Herdprämie
13%
2004Humankapital
13%
2019Klimahysterie
13%
2021Pushback
13%
1996Rentnerschwemme
13%
Rückführungspatenschaften
13%
1998sozialverträgliches Frühableben
13%
2003Tätervolk
13%
1997Wohlstandsmüll
13%

Verteilung der Resultate

Perzentil nach korrekt beantworteten Fragen

Anzahl Personen mit jedem Resultat

Ihre Resultats-Entwicklung

Sie haben dieses Quiz seit der letzten Aktualisierung nicht gespielt